000 00340nam a2200097Ia 4500
008 220120s9999||||xx |||||||||||||| ||und||
100 _aMahendra, H.N, Sughosh, P.R and Bopanna, K.G
_912312
245 0 _aAutomotive collision avoidance using can protocol
260 _aCoorg Institute of Technology
_bPonnampet
_c2011
650 _aCOMPUTER SCIENCE
999 _c137898
_d137898